| 000 | 00511nam a2200181Ia 4500 | ||
|---|---|---|---|
| 005 | 20250326124757.0 | ||
| 008 | 250326s9999 xx 000 0 und d | ||
| 037 | _aTextbook | ||
| 040 |
_aFMSL _beng _cFMSL |
||
| 041 |
_aeng _2eng |
||
| 084 |
_aX:89Cz7 L2 _qFMSL |
||
| 100 |
_aMorrell J _9737965 |
||
| 245 | 0 |
_aManagement decisions and the role of forecasting _cMorrell J |
|
| 260 |
_aUSA _bUSA, Penguin Books _c1972 |
||
| 300 | _a375p | ||
| 942 |
_cTB _hX:89Cz7 L2 |
||
| 999 |
_c1275161 _d1275161 |
||